Pokémon- Equipes Dresseurs Kanto - Statistiques

Statistiques générales
  • Ce quiz a été pris 595 fois
    83 depuis la dernière actualisation
  • Le résultat moyen est 189 sur 277
Statistiques - réponses
Dresseur Pokémon % Correct
Dracaufeu
100%
Florizarre
100%
LGE | Red Pikachu
100%
Tortank
100%
HGSS Lokhlass
92%
Nidoking
92%
Onix
92%
Pierre Racaillou
92%
Ronflex
92%
Roucarnage
92%
Aquali
85%
Arbok
85%
Galopa
85%
Nidoqueen
85%
Rafflesia
85%
Rattata
85%
Rattatac
85%
Rhinoféros
85%
Roucoups
85%
Koga Smogo
85%
Smogogo
85%
Staross
85%
Voltali
85%
Alakazam
77%
Amonistar
77%
LGPE Arcanin
77%
Draco
77%
Dracolosse
77%
Ectoplasma
77%
Électrode
77%
Élektek
77%
Empiflor
77%
Flagadoss
77%
HGSS Grolem
77%
Grolem d'Alola
77%
Grotadmorv
77%
Kabutops
77%
Lamantine
77%
Mentali
77%
Noadkoko
77%
Noadkoko d'Alola
77%
Ossatueur
77%
Ossatueur d'Alola
77%
N2B2 Ptéra
77%
Pyroli
77%
LGE Raichu
77%
Rhinocorne
77%
Roucool
77%
Sablaireau
77%
Saquedeneu
77%
Ondine Stari
77%
RFVF Steelix
77%
Triopikeur
77%
Abo
69%
Abra
69%
J Boustiflor
69%
Caninos
69%
Carapuce
69%
Feunard
69%
OA Gravalanch
69%
LGPE Hypocéan
69%
Kadabra
69%
Kangourex
69%
Kicklee
69%
Léviator
69%
HGSS Lippoutou
69%
Mackogneur
69%
Magmar
69%
Magnéti
69%
Magnéton
69%
Jessie & James Miaouss
69%
Noeunoeuf
69%
LGPE | RFVF Nosferalto
69%
Nostenfer
69%
Ortide
69%
J Persian
69%
N2B2 Poissoroy
69%
Ponyta
69%
LGPE Sablaireau d'Alola
69%
Spectrum
69%
Tygnon
69%
Major Bob Voltorbe
69%
Aéromite
62%
OA Akwakwak
62%
Bulbizarre
62%
Carabaffe
62%
Démolosse
62%
Élekable
62%
J | LGP Évoli
62%
Goupix
62%
Herbizarre
62%
RFVF Hyporoi
62%
OA Joliflor
62%
OA Kapoera
62%
Maganon
62%
Amos Malosse
62%
USUL Mewtwo
62%
HGSS | Jeannine | OA Migalos
62%
Rapasdepic
62%
Reptincel
62%
Roigada
62%
Blue Salamèche
62%
LGPE Tartard
62%
Tranchodon
62%
Altaria
54%
Carchacrok
54%
Charkos
54%
Cotovol
54%
Crustabri
54%
HGSS Drattak
54%
Élecsprint
54%
Foretress
54%
N2B2 Hypnomade
54%
Lucario
54%
Milobellus
54%
J Mimitoss
54%
M.Mime
54%
Nidorino
54%
Osselait
54%
Piafabec
54%
Rhinastoc
54%
Sabelette
54%
LGPE Tauros
54%
Tentacruel
54%
N2B2 Trioxhydre
54%
Tyranocif
54%
Bouldeneu
46%
Camérupt
46%
HGSS Chartor
46%
Coatox
46%
RFVF Cochignon
46%
Drascore
46%
Feuforêve
46%
Gallame
46%
HGSS Hariyama
46%
Hippodocus
46%
HGSS Lanturn
46%
Libégon
46%
HGSS Magnézone
46%
Maraiste
46%
Green Mélodelfe
46%
Motisma Chaleur
46%
HGSS Moufflair
46%
Mystherbe
46%
LGPE Parasect
46%
LGPE Psykokwak
46%
Qulbutoké
46%
Vacilys
46%
OA Volcaropod
46%
Cornèbre
38%
Crocorible
38%
Kokiyas
38%
Métalosse
38%
Mustéflott
38%
Pachirisu
38%
RFVF Scarhino
38%
HGSS Tengalice
38%
Avaltout
31%
Blizzaroi
31%
HGSS Corboss
31%
Cryptéro
31%
Lakmécygne
31%
Mégapagos
31%
Pharamp
31%
Relicanth
31%
Roserade
31%
Moyade
23%
Scorvol
23%
Aucun quiz correspondant
Distribution des résultats
% des personnes avec chaque résultat
Percentile par nombre de réponses
Votre historique - résultats
Vous n’avez pas pris ce quiz depuis la dernière actualisation